[Event "Volyne op-A"]
[Site "Volyne"]
[Date "2003.??.??"]
[Round "?"]
[White "Mazura, Milos"]
[Black "Hadraba, Vladimir"]
[Result "0-1"]
[WhiteElo "2001"]
[BlackElo "2205"]
[PlyCount "40"]
[EventDate "2003.??.??"]
[EventType "swiss"]
[EventRounds "9"]
[EventCountry "CZE"]
[SourceTitle "EXT 2005"]
[Source "ChessBase"]
[SourceDate "2004.11.15"]
[SourceVersion "1"]
[SourceVersionDate "2004.11.15"]
[SourceQuality "1"]

1. e4 c5 2. Nf3 e6 3. d4 cxd4 4. Nxd4 a6 5. Be3 Nf6 6. Bd3 d6 7. a4 b6 8. 0-0 Bb7 9. Nd2 Nbd7 10. Bg5 Be7 11. Re1 0-0 12. b4 Ne5 13. f4 Nxd3 14. cxd3 h6 15. Bh4 Re8 16. Qb3 Nxe4 17. Nxe6 Nxd2 18. Qb2 fxe6 19. Bxe7 Nf3+ 20. gxf3 Qxe7 0-1